Catalog

Record Details

Catalog Search



The harmony of the prophetic word : a key to Old Testament prophecy concerning things to come Cover Image Book Book

The harmony of the prophetic word : a key to Old Testament prophecy concerning things to come by Arno C. Gaebelein

Gaebelein, Arno C. (Author).

Record details

  • Physical Description: 211 p.
  • Publisher: New York Our Hope 1907

Available copies

  • 1 of 1 copy available at Common Catalog SPOK.

Holds

  • 0 current holds with 1 total copy.
Show Only Available Copies
Location Call Number / Copy Notes Barcode Shelving Location Status Due Date
ETS Library 224.06 424470000511 Volný výběr Available -

LDR 00704nam a2 00217
00141037
003CZ-PrJAB
00520030120000000.0
008020218s1907 xxu e |||| |eng
009us
035 . ‡a(CONS)3476
035 . ‡aKPS1472
041 . ‡aeng
08214. ‡a224.06
100 . ‡71754 ‡aGaebelein, Arno C.
245 . ‡aThe harmony of the prophetic word : ‡ba key to Old Testament prophecy concerning things to come ‡cby Arno C. Gaebelein
260 . ‡aNew York ‡bOur Hope ‡c1907
300 . ‡a211 p.
653 . ‡aThe harmony of the prophetic word ‡aa key to Old Testament prophecy concerning things to come
8524 . ‡bETS ‡bETS ‡cVolný výběr ‡j224.06 ‡gA ‡p424470000511
910 . ‡aABG450
999 . ‡a3476 ‡bAUTOGEN ‡c3476 ‡tbiblio
905 . ‡uadmin
901 . ‡a41037 ‡b ‡c41037 ‡tbiblio ‡sets

Additional Resources